| 000 | 00554nam a2200205Ia 4500 | ||
|---|---|---|---|
| 008 | 160418s9999 xx 000 0 und d | ||
| 020 | _a971-542-446-5 | ||
| 050 | _aFIL PL 5539 | ||
| 050 | _b.J84 2004 | ||
| 100 | _aJugo, Cyan Abad - | ||
| 245 | _aSweet summer and other stories / | ||
| 245 | _cCyan Abad - Jugo. | ||
| 260 | _aQuezon City: | ||
| 260 | _bThe University of the Philippine Press., | ||
| 260 | _c2004 | ||
| 300 | _a179 pages ; | ||
| 300 | _billustrations ; | ||
| 300 | _c23 cm. | ||
| 650 | _aShort stories, Philippine (English). | ||
| 999 |
_c293548 _d293548 |
||